000 01076nam a2200349 i 4500
001 4633756
003 mut
005 20240606081230.0
008 780802s1977 onca b 000 0 eng
010 _a 78309212
015 _aC***
020 _a0176034846
040 _aDLC
_cmut
_dDLC
043 _an-cn---
050 0 0 _aHF5351
_b.I57 1992
082 0 0 _a658.4/03
245 0 3 _aAn Introduction to business decision making :
_btext and cases /
250 _a4th ed.
260 _aScarborough ;
_aOntario :
_bNelson canada,
_cc1992.
300 _axii, 507 p. :
_bill. ;
_c24 cm.
490 0 _aMethuen: Canadian business administration
504 _aIncludes bibliographical references.
650 0 _aBusiness
_xCase studies.
650 0 _aIndustrial management
_zCanada
_xCase studies.
650 0 _aBusiness
_xDecision making
_xProblems, exercises, etc.
700 1 _aGraham, John
700 1 _aCampbell, Marilyn.
700 1 _aHaywood-Farmer, John
700 1 _aHumphrey, John A.,
906 _a7
_bcbc
_corignew
_d3
_encip
_f19
_gy-gencatlg
942 _2lcc
_cBK
999 _c12609
_d12609